Normal view
MARC view
Entry Personal Name
001 - CONTROL NUMBER
- control field: 5574
003 - CONTROL NUMBER IDENTIFIER
- control field: ARRUPE
005 - DATE AND TIME OF LATEST TRANSACTION
- control field: 20131212132845.0
008 - FIXED-LENGTH DATA ELEMENTS
- fixed length control field: 131212|| aca||aabn | a|a d
040 ## - CATALOGING SOURCE
- Original cataloging agency: ARRUPE
- Transcribing agency: ARRUPE
100 ## - HEADING--PERSONAL NAME
- Personal name: Jones, Nick,
- Dates associated with a name: 1974-
670 ## - SOURCE DATA FOUND
- Source citation: Work cat.: (ARRUPE)0: Jones, Nick, 1974-, Starting with Berkeley /, c2009.